Wealthiest African Cities - Statistics

General Stats
  • This quiz has been taken 139 times
  • The average score is 16 of 20
Answers on the Map
Answers color-coded by a green-red scale on the quiz's map according to % correct below.
 
Answer Stats
Total Wealth (US$bn) City % Correct
129 Cairo
100%
248 Johannesburg
99%
133 Cape Town
98%
96 Lagos
98%
39 Casablanca
96%
23 Alexandria
93%
49 Nairobi
91%
14 Addis Ababa
90%
24 Dar es Salaam
89%
42 Luanda
86%
35 Accra
84%
54 Durban
78%
45 Pretoria
78%
11 Abuja
75%
16 Kampala
66%
25 Abidjan
65%
12 Windhoek
55%
10 Marrakesh
49%
12 Gaborone
42%
10 Tangier
35%
No matching quizzes found
Score Distribution
Percent of People with Each Score
Percentile by Number Answered
Your Score History
You have not taken this quiz